| 000 | 01250nam a2200265Ia 4500 | ||
|---|---|---|---|
| 999 |
_c40446 _d40446 |
||
| 001 | 7055 | ||
| 003 | GE_BSU | ||
| 005 | 20231003110742.0 | ||
| 008 | 181216s2012||||ge |||||||||||||| ||geo|| | ||
| 020 | _a9789941198215 (ტ3) | ||
| 040 | _cGE_BSU | ||
| 041 | _ageo | ||
| 080 | _a821.353.1-31 გ-19 | ||
| 100 |
_aგამსახურდია, კონსტანტინე _919979 |
||
| 245 |
_aმთვარის მოტაცება ტრილოგია კარი 2 : რომანი : _bტ. 3 პროზა / _cკონსტანტინე გამსახურდია ; სარედ. ჯგუფი : ზურაბ აბაშიძე, მანანა ჯანელიძე, ირმა ხარშილაძე ; გარეკანის დიზაინერი ეთერ გზირიშვილი. |
||
| 260 | _a. | ||
| 264 |
_aთბილისი : _bპალიტრა L, _c2012. |
||
| 300 |
_a368 გვ. ; _c19 სმ. |
||
| 490 |
_aჩემი რჩეული _xISSN 2233-3037 |
||
| 541 | _h8ლ. | ||
| 653 | _aმთვარის მოტაცება | ||
| 653 | _aრომანი | ||
| 653 | _aტრილოგია | ||
| 942 |
_cBK _2udc |
||